000 01232cam a2200277 a 4500
003 data
005 20260322212027.0
008 data
010 _a2009028954
020 _a9781401323233
020 _a1401323235
040 _aDLC
_cDLC
_dOTC
_dYDXCP
_dOTC
043 _an-us-ri
050 0 0 _aRA1000
_b.D67 2010
082 0 0 _a362.17/56
_222
092 _a362.17 D67 2010
100 1 _aDosa, David.
245 1 0 _aMaking rounds with Oscar :
_bthe extraordinary gift of an ordinary cat /
_cDavid Dosa.
250 _a1st ed.
260 _aNew York :
_bHyperion,
_cc2010.
300 _avi, 225 p. ;
_c22 cm.
520 _aWhen Oscar arrived at the Steere House Nursing and Rehabilitation Center in Rhode Island he was a cute little cat with attitude. He loved to stretch out in a puddle of sunlight and chase his tail until he was dizzy. Occasionally he consented to a scratch behind the ears, but only when it suited him. In other words, he was a typical cat. Or so it seemed. It wasn't long before Oscar had created something of a stir. Apparently, this ordinary cat possesses an extraordinary gift: he knows instinctively when the end of life is near.
650 0 _aHospice care.
650 0 _aCats
_xTherapeutic use.
001 data
999 _c610
_d610